| Tag |
First Indicator |
Second Indicator |
Subfields |
| LEADER |
00000cam a2200000 a 4500 |
| 001 |
in00000014832 |
| 005 |
20190504063216.0 |
| 008 |
870804s1987 mau 00010 eng |
| 010 |
|
|
|a 87022101
|
| 020 |
|
|
|a 1555530176 (pbk. : alk. paper) :
|c $7.95
|
| 035 |
|
|
|a (OCoLC)16710733
|
| 035 |
|
|
|9 AAA9630AM
|
| 040 |
|
|
|a DLC
|c DLC
|d TXA
|d UtOrBLW
|
| 049 |
|
|
|a TXAM
|c [A12562811]
|
| 050 |
0 |
0 |
|a PS3569.A586
|b V35 1987
|
| 082 |
0 |
|
|a 811/.54
|2 19
|
| 100 |
1 |
|
|a Sapia, Yvonne,
|d 1946-
|
| 245 |
1 |
0 |
|a Valentino's hair /
|c Yvonne Sapia ; selected and introduced by Donald Hall.
|
| 264 |
|
1 |
|a Boston :
|b Northeastern University Press,
|c [1987]
|
| 264 |
|
4 |
|c ©1987
|
| 300 |
|
|
|a x, 67 pages ;
|c 21 cm.
|
| 336 |
|
|
|a text
|b txt
|2 rdacontent
|
| 337 |
|
|
|a unmediated
|b n
|2 rdamedia
|
| 338 |
|
|
|a volume
|b nc
|2 rdacarrier
|
| 490 |
1 |
|
|a The Morse poetry prize ;
|v 1987
|
| 700 |
1 |
|
|a Hall, Donald,
|d 1928-2018.
|
| 830 |
|
0 |
|a Morse Poetry Prize ;
|v 1987.
|
| 999 |
|
|
|a MARS
|
| 999 |
f |
f |
|s f49eba5a-7377-322b-8f87-74999aefe9db
|i bf486dca-4a5f-3ab9-9cfd-005e50daace8
|t 0
|
| 952 |
f |
f |
|p ric
|a Texas A&M University
|b Rellis Campus
|c Joint Library Facility
|d Remote Storage
|t 0
|e PS3569.A586 V35 1987
|h Library of Congress classification
|i unmediated -- volume
|m A14812562811
|
| 998 |
f |
f |
|a PS3569.A586 V35 1987
|t 0
|l Remote Storage
|